[Event "AZE-ch Women 2019"]
[Site "Baku"]
[Date "2019.02.06"]
[Round "3.9"]
[White "Jafarova, Aysel"]
[Black "Hajiyeva, Laman"]
[Result "0-1"]
[WhiteElo "1376"]
[BlackElo "2040"]
[Annotator "NA RC"]
[PlyCount "86"]
[EventDate "2019.02.04"]
[EventType "swiss"]
[EventCountry "AZE"]
[SourceTitle "playchess.com"]
[Source "ChessBase"]
[SourceQuality "1"]
[TimeControl "40/5400+30:1800+30"]

{[%evp 8,64,15,0,8,15,12,1,14,-1,-4,32767,32767,32767,32767,32767,-4,-12,-7,-17,32767,-31,-14,32767,-49,-110,32767,32767,32767,32767,-123,-245,-171,-264,-242,-419,-511,-456,-504,32767,-1092,-1182,-1121,-1138,32767,-1162,-1247,-1266,-1342,32767,32767,32767,32767,32767,32767,32767,32767,-29986,-5807]} 1. Nf3 {[%emt 0:00:00]} d5 {[%emt 0:00:00]} 2. g3 {[%emt 0:00:00]} Nf6 {[%emt 0:00:00]} 3. Bg2 {[%emt 0:00:00]} Bf5 {[%emt 0:00:00]} 4. c4 {[%emt 0:00:00]} c6 {[%emt 0:00:00]} 5. b3 {[%emt 0:00:00]} e6 {[%emt 0:00:05]} 6. Bb2 {[%emt 0:00:03]} Be7 {[%emt 0:00:03]} 7. O-O {[%emt 0:00:08]} h6 {[%emt 0:00:04]} 8. d3 {[%emt 0:00:07]} O-O {[%emt 0:00:05]} 9. Nbd2 {[%emt 0:00:11]} Nbd7 {[%emt 0:00:06]} 10. Rc1 {[%emt 0:00:25]} a5 {[%emt 0:01:00]} 11. Qc2 {[%emt 0:14:49]} Rc8 {[%emt 0:04:46]} 12. Rfe1 {[%emt 0:05:56]} Bh7 {[%emt 0:03:03]} 13. Bc3 {[%emt 0:08:04]} b5 {[%emt 0:06:43]} 14. e4 {[%emt 0:06:50]} Nc5 {[%emt 0:08:55]} 15. Nd4 {[%emt 0:06:35]} Qb6 {[%emt 0:10:48]} 16. a3 {[%emt 0:05:14]} (16. Ne2 $11) 16... b4 {[%emt 0:04:56]} 17. axb4 {[%emt 0:00:36]} axb4 {[%emt 0:00:01]} 18. Bb2 {[%emt 0:00:20]} Rfd8 {[%emt 0:08:46]} 19. Kf1 {[%emt 0:06:28]} (19. cxd5 $142 cxd5 20. exd5 Nxd5 21. Nc4) 19... Ng4 {[%emt 0:08:20]} 20. f3 {[%emt 0:06:11]} (20. Bh3 {is a better defense.} Nf6) 20... Ne5 {[%emt 0:05:35]} 21. Re3 {[%emt 0:01:21]} (21. Nxe6 $142 Ncxd3 22. Bd4) 21... Bf6 {[%emt 0:02:16]} 22. Rd1 {[%emt 0:21:28]} Ncxd3 {[%emt 0:05:01]} 23. f4 {[%emt 0:04:54]} Nxb2 {[%emt 0:00:51]} 24. Qxb2 {[%emt 0:01:48]} Ng4 {[%emt 0:00:10]} 25. Rd3 {[%emt 0:01:09]} Ne3+ {[%emt 0:00:53]} 26. Rxe3 {[%emt 0:00:48]} Bxd4 {[%emt 0:00:06]} 27. Qc2 {[%emt 0:00:59]} Bxe3 {[%emt 0:00:03]} 28. Ke2 {[%emt 0:02:47]} Bxd2 {[%emt 0:00:06]} 29. Rxd2 {[%emt 0:00:12]} dxe4 {[%emt 0:00:03]} 30. Rxd8+ {[%emt 0:01:28]} Rxd8 {[%emt 0:00:02]} 31. Bxe4 {[%emt 0:00:15]} Bxe4 {[%emt 0:00:01]} 32. Qxe4 {[%emt 0:00:08]} Qd4 $19 {[%emt 0:00:05]} (32... Qg1 $142 33. Qe3 Qd1+ 34. Kf2 Rd2+ 35. Qxd2 Qxd2+ 36. Kf3) 33. Qc2 {[%emt 0:00:39]} Qg1 {[%emt 0:00:02]} 34. Qe4 {[%emt 0:02:34]} Qd1+ {[%emt 0:00:18]} 35. Ke3 {[%emt 0:00:41]} Qd2+ {[%emt 0:00:02]} 36. Kf3 {[%emt 0:00:27]} Rd3+ {[%emt 0:00:01]} 37. Qxd3 {[%emt 0:01:26]} Qxd3+ {[%emt 0:00:01]} 38. Kg4 {[%emt 0:00:16]} (38. Kf2 Qxb3 39. g4 Qxc4 40. Ke3 b3 41. g5 b2 42. gxh6 b1=Q 43. Kf3 Qbf1+ 44. Kg4 Qfxf4+ 45. Kh5 Qxh6#) 38... f5+ {[%emt 0:00:07]} 39. Kh3 {[%emt 0:00:10]} Qf1+ {[%emt 0:00:04]} 40. Kh4 {[%emt 0:00:00]} Qg2 {[%emt 0:00:00]} 41. h3 {[%emt 0:00:20]} g6 {[%emt 0:00:07]} 42. c5 {[%emt 0:00:16]} Kg7 {[%emt 0:00:04]} 43. g4 {[%emt 0:00:05]} Qf2# {[%emt 0:00:01]} 0-1

[Event "AZE-ch Women 2019"]
[Site "Baku"]
[Date "2019.02.07"]
[Round "4.1"]
[White "Mamedjarova, Zeinab"]
[Black "Mammadzada, Gunay"]
[Result "0-1"]
[WhiteElo "2307"]
[BlackElo "2422"]
[Annotator "TA"]
[PlyCount "76"]
[EventDate "2019.02.04"]
[EventType "swiss"]
[EventCountry "AZE"]
[SourceTitle "playchess.com"]
[Source "ChessBase"]
[SourceQuality "1"]

{[%evp 18,76,15,12,8,-5,5,3,0,10,8,12,11,0,0,0,0,-15,-17,-17,-17,-18,-7,-51,-35,-62,-48,-65,-37,-45,-47,-47,-44,-67,-65,-60,-72,-74,-56,-57,-36,-106,-95,-246,-251,-264,-261,-369,-296,-281,-263,-2988,-2909,-29983,-29981,-29986,-29987,-29987,-29988,-29985,-29986]} 1. d4 $146 (1. Nf3 c5 2. c4 Nc6 3. Nc3 g6 4. e3 Nf6 5. d4 cxd4 6. exd4 {0-1 (32) Wen,Y (2602)-Bu,X (2710) Huocheng County 2017}) ({Predecessor:} 1. e4 c5 2. Nf3 Nc6 3. c3 Nf6 4. e5 Nd5 5. d4 cxd4 6. cxd4 d6 7. exd6 Qxd6 8. Nc3 g6 9. Bc4 Nxc3 10. bxc3 Bg7 11. O-O O-O 12. a4 {1-0 (37) Grgurevic,B (2234)-Rosandic,D (2252) Sibenik 2012}) 1... Nf6 2. Nf3 d5 3. e3 c5 4. c4 cxd4 5. exd4 Nc6 6. Nc3 g6 7. cxd5 Nxd5 8. Bc4 Nxc3 9. bxc3 Bg7 10. O-O O-O {A35: Symmetrical English: 2 Nc3 Nc6 3 Nf3} 11. a4 (11. Re1 Qc7 12. Bb5 Rd8 13. Bg5 Be6 14. Qa4 Rac8 15. Qa3 Rd7 16. Bxc6 bxc6 17. Ne5 Rd5 18. Bf4 Qa5 19. Qxe7 Qxc3 {0-1 (32) Wen,Y (2602)-Bu,X (2710) Huocheng County 2017}) 11... Qc7 12. Ba2 Na5 {The position is equal.} 13. Re1 e6 ({Predecessor:} 13... Qxc3 14. Bd2 Qc7 15. Rc1 Qd8 16. Bg5 Bf6 17. d5 Qd6 18. Qe2 Bg4 19. Bxf6 exf6 {1-0 (37) Grgurevic,B (2234)-Rosandic,D (2252) Sibenik 2012}) 14. Qd3 Bd7 15. Ng5 h6 16. Ne4 Bc6 $1 17. Qh3 Bxe4 18. Rxe4 Qc6 19. Re1 h5 20. Bb1 Rac8 21. Ba3 Rfe8 22. Bb4 Nb3 $40 {[%mdl 128] Black mounts an attack.} 23. Ra3 Nd2 {And now ...a5! would win.} 24. Bd3 {Black should prevent Bb5.} Nc4 25. Raa1 b6 26. a5 Nxa5 27. g4 {[#]} hxg4 $1 28. Qxg4 Rc7 29. Re3 {[#]} (29. Qf4 $15) 29... Nc4 $1 $17 {[%cal Rc4e3]} 30. Rh3 $2 (30. Bxc4 $17 {only move.} Qxc4 31. Rh3) 30... a5 $19 {[%cal Ba7a5,Ba5b4][%mdl 32]} 31. Be4 Qb5 32. Bxg6 (32. Qg3 $142 e5 33. Ba3) 32... fxg6 33. Qxg6 {Intending Qh7+ and mate.} axb4 34. Ra8 $2 (34. Qh7+ Kf8 35. Rf3+ Ke7 36. Qxg7+ Kd6 37. Qg3+ Kc6 38. cxb4) 34... Rxa8 35. Qh7+ Kf8 {Black mates.} 36. Qe4 Ra1+ 37. Kg2 Qd5 38. Rf3+ Rf7 {Accuracy: White = 35%, Black = 82%.} 0-1

[Event "AZE-ch Women 2019"]
[Site "Baku"]
[Date "2019.02.07"]
[Round "4.2"]
[White "Beydullayeva, Govhar"]
[Black "Mammadova, Gulnar"]
[Result "1-0"]
[WhiteElo "2239"]
[BlackElo "2368"]
[Annotator "TA"]
[PlyCount "129"]
[EventDate "2019.02.04"]
[EventType "swiss"]
[EventCountry "AZE"]
[SourceTitle "playchess.com"]
[Source "ChessBase"]
[SourceQuality "1"]

{[%evp 12,129,29,22,45,29,50,42,43,30,42,50,110,105,111,111,110,105,119,109,109,92,87,94,106,116,117,120,135,118,123,125,123,109,108,92,107,106,108,63,74,68,76,74,80,43,68,66,209,70,111,105,80,94,128,0,0,0,53,49,44,53,52,59,43,58,52,20,34,8,8,8,8,-7,14,-6,36,19,34,30,68,64,96,98,100,111,120,94,110,93,99,99,118,118,118,83,118,118,118,108,108,108,285,247,543,489,910,909,1444,1244,2310,1880,6444,6129,5876,4548,6757,6687,29984,29985]} 1. d4 Nf6 ({Predecessor:} 1... c6 2. c4 d5 3. Nc3 Nf6 4. Nf3 {0-1 (34) Ihlenfeld,E-Allenberg,B Germany 1988}) 2. c4 e6 3. Nf3 $146 (3. Nc3 d5 {1-0 (60) Melkumyan,H (2628)-Benidze,D (2530) Plovdiv 2012}) 3... d5 4. Nc3 c6 5. e3 Nbd7 6. Qc2 ({Predecessor:} 6. Bd3 Bb4 7. O-O O-O 8. Qc2 dxc4 9. Bxc4 {0-1 (34) Ihlenfeld,E-Allenberg,B Germany 1988}) 6... dxc4 7. Bxc4 Bd6 {D45: Semi-Slav: 5 e3} (7... b5 8. Bd3 Bb7 9. O-O a6 10. a4 b4 11. Ne4 c5 12. Nxf6+ Nxf6 13. dxc5 Bxc5 14. e4 Rc8 15. Qe2 Ng4 16. h3 Nxf2 17. Rxf2 Bxf2+ 18. Kxf2 {1-0 (60) Melkumyan,H (2628)-Benidze,D (2530) Plovdiv 2012}) 8. O-O O-O 9. Rd1 Qe7 {White is slightly better.} 10. e4 e5 11. h3 h6 (11... exd4 $14 12. Nxd4 (12. Rxd4 Ne5 $17) 12... Nc5) 12. Nh4 $1 $16 {[%cal Rh4f5]} Nb6 13. Ng6 $1 $36 {[%cal Rg6e7][%mdl 2112] Double Attack. Keeping Black busy.} Qc7 14. dxe5 Bxe5 15. Nxe5 Qxe5 16. Be2 ({Predecessor:} 16. Bb3) 16... Be6 17. Be3 Rad8 18. f4 Qc7 19. b3 Rfe8 20. Rxd8 Qxd8 21. Rd1 Qe7 22. Bf2 Rd8 23. Re1 Bc8 24. Bf3 Qb4 25. f5 Nh7 26. h4 Re8 27. Rd1 Nf6 28. Bg3 Nbd7 29. Bd6 c5 (29... Qa5 $14) 30. Qb2 ({White has to play} 30. g4 $1 $18) 30... b5 31. a3 $1 {[%cal Ra3b4]} Qa5 {[#]} 32. b4 $1 {[%cal Rb4a5]} Qb6 {...cxb4+ is the strong threat.} 33. bxc5 (33. Qf2 $16) 33... Nxc5 $11 {Hoping for ...Nd3+.} 34. Qxb5 Ncxe4+ ({Better is} 34... Qxb5 $11 35. Nxb5 Ncxe4) 35. Qxb6 $14 axb6 36. Nxe4 Nxe4 37. Bc7 {And now Bxe4 would win.} Bxf5 38. Bxb6 Nc3 39. Ra1 Bc2 40. Ba5 Ne2+ 41. Kf2 Nd4 42. Rc1 Bb3 43. Bd1 Bd5 44. Rc5 Be6 45. Bc7 Nb3 46. Rb5 $1 Nd4 47. Rb8 Rxb8 48. Bxb8 $16 {[%mdl 4096] Endgame KBB-KBN} Kf8 49. h5 Nc6 50. Bd6+ Ke8 51. a4 g6 52. g4 {Black must now prevent g5!} g5 53. Ke3 f5 54. gxf5 Bxf5 55. Bf3 Kd7 56. Bf8 Ne5 $2 {[#]} (56... Bc2 $16) 57. Be2 $1 $18 ({And not} 57. Bxh6 Ng4+ 58. Bxg4 Bxg4 $11) 57... Bg4 $2 (57... Ke8) 58. Bxh6 Be6 (58... Ke6 $142 59. Bxg5 Bxe2 60. Kxe2 Nc6) 59. Bxg5 Bb3 60. Bb5+ Ke6 61. Bf4 Ng4+ 62. Kd4 Kf5 63. Bc1 Nf6 64. h6 Bd5 {[#]} 65. h7 $1 {Accuracy: White = 58%, Black = 33%.} 1-0

[Event "AZE-ch Women 2019"]
[Site "Baku"]
[Date "2019.02.07"]
[Round "4.3"]
[White "Allahverdiyeva, Ayan"]
[Black "Hojjatova, Aydan"]
[Result "1-0"]
[WhiteElo "2051"]
[BlackElo "2303"]
[Annotator "TA"]
[PlyCount "53"]
[EventDate "2019.02.04"]
[EventType "swiss"]
[EventCountry "AZE"]
[SourceTitle "playchess.com"]
[Source "ChessBase"]
[SourceQuality "1"]

{[%evp 16,53,29,25,24,-5,-8,-47,-35,-49,-54,-81,-34,-33,-14,0,1,-14,-22,-29,-29,-33,-24,-29,-33,-37,43,29,47,73,42,54,66,75,300,302,1439,1402,2291,2282]} 1. e4 e6 2. d4 d5 3. Nd2 a6 4. Ngf3 c5 5. dxc5 Bxc5 6. Bd3 Nc6 ({Predecessor:} 6... Ne7 7. O-O {0-1 (61) Gavela,D (2345)-Ostojic,P (2380) Amsterdam 1984}) 7. O-O Nge7 8. a3 O-O 9. b4 Ba7 {C07: French Tarrasch: 3...c5, 4 Ngf3 and 4 exd5 Qxd5} 10. c4 $146 (10. Bb2 Ng6 11. Nb3 Nf4 12. Re1 {½-½ (12) Savic,M (2503)-Markus,R (2621) Bar 2015}) 10... dxc4 $1 11. Nxc4 b5 {Black is slightly better.} 12. Ne3 Ng6 13. Qb3 ({Predecessor:} 13. e5 Ncxe5 14. Nxe5 Nxe5 15. Bxh7+ Kxh7 16. Qh5+ Kg8 17. Qxe5 {0-1 (61) Gavela,D (2345)-Ostojic,P (2380) Amsterdam 1984}) 13... Nf4 14. Rd1 Nxd3 15. Rxd3 Qe7 16. Bb2 {[#] Strongly threatening Qc3.} Bb7 17. Rad1 {aiming for Rd7.} Rad8 18. Qc3 {[%csl Gb2][%cal Rc3g7]} f6 19. e5 Rxd3 20. Rxd3 Bb8 (20... f5 $15) 21. exf6 gxf6 22. Ng4 $36 {[%mdl 2048] Black must now prevent Qd2. Keeping Black busy.} e5 23. Nh4 Kh8 24. Qd2 Bc8 $2 {[#]} (24... Qg7 $16 {was worth a try.} 25. Nh6 Qg5) 25. Qh6 $1 $18 {Threatens to win with Ng6+.} Rg8 $2 (25... Qg7) 26. Nxf6 Rg7 27. Rg3 {[%mdl 64] Remove Defender. Accuracy: White = 57%, Black = 34%.} 1-0

[Event "AZE-ch Women 2019"]
[Site "Baku"]
[Date "2019.02.07"]
[Round "4.4"]
[White "Mamedjarova, Turkan"]
[Black "Gasimova, Samra"]
[Result "1/2-1/2"]
[WhiteElo "2267"]
[BlackElo "1693"]
[Annotator "TA"]
[PlyCount "83"]
[EventDate "2019.02.04"]
[EventType "swiss"]
[EventCountry "AZE"]
[SourceTitle "playchess.com"]
[Source "ChessBase"]
[SourceQuality "1"]

{[%evp 9,83,-16,57,51,69,62,59,55,84,53,69,43,52,52,52,55,42,39,85,79,95,78,76,44,48,23,40,29,17,0,29,23,14,27,69,76,80,82,127,130,203,194,179,195,184,184,191,52,51,56,67,58,41,29,54,30,46,40,68,30,112,-27,-27,-40,-23,-112,-101,-104,-104,-97,-103,-107,-106,-106,-87,-87]} 1. d4 ({Predecessor:} 1. e4 e6 {½-½ (20) Federic,P (2245)-Maslik,M (2298) Slovakia 2007}) 1... e6 2. e4 d5 3. exd5 exd5 4. Bd3 c5 5. Qe2+ Qe7 $146 (5... Be7 $11 6. dxc5 Nf6) (5... Be7 6. Bb5+ Nc6 7. Bg5 Be6 8. Bxe7 Ngxe7 9. Nf3 O-O 10. dxc5 Bg4 11. Nbd2 Nd4 12. Qd3 Nxf3+ 13. gxf3 {0-1 (36) Batsiashvili,N (2485)-Safarli,E (2653) Wijk aan Zee 2016}) 6. dxc5 $14 {C01: French: Exchange Variation} Qxe2+ 7. Nxe2 Bxc5 8. Nbc3 {[%cal Bb1c3,Bc3a4,Ba4c5][%mdl 32] White is slightly better.} Ne7 9. Bg5 f6 10. Bh4 Nbc6 11. O-O-O Be6 12. Na4 ({Predecessor:} 12. Bg3 Bf7 13. a3 {½-½ (20) Federic,P (2245)-Maslik,M (2298) Slovakia 2007}) 12... Bd6 13. Bg3 Bxg3 14. hxg3 O-O-O 15. Nf4 Bf7 16. Nc5 {And now Nce6 would win.} g6 17. a3 Ne5 18. Be2 h5 19. b3 N7c6 20. Kb2 $36 {[%mdl 2048] White is pushing.} Kb8 21. Rd2 g5 22. Nfe6 Rd6 {[#]} 23. Ng7 $1 Ne7 24. f4 N5c6 {[#]} (24... gxf4 $16 25. gxf4 N5g6) 25. Ne4 $1 $18 {[%cal Re4d6][%mdl 576] Double Attack, Pin} Rdd8 (25... dxe4 26. Rxd6) 26. Nxf6 gxf4 27. gxf4 h4 28. Rdd1 (28. f5 $18) 28... Rh6 $14 29. Nfh5 Bxh5 30. Nxh5 Nf5 31. Rd3 Nce7 32. Rhd1 Rg8 33. Bf3 Rgh8 34. Rh1 Rg8 (34... d4 $11) 35. Rdd1 ({White should play} 35. Re1 $16) 35... Ne3 $11 36. Rde1 N7f5 37. g4 (37. Re2 $11) 37... hxg3 $17 {Black is better.} 38. Nxg3 Rxg3 39. Rxh6 {aiming for Rh8+.} Rxf3 40. Rh8+ Kc7 41. Reh1 Rf2 42. R1h2 {Accuracy: White = 39%, Black = 58%.} 1/2-1/2

[Event "AZE-ch Women 2019"]
[Site "Baku"]
[Date "2019.02.07"]
[Round "4.5"]
[White "Ismayil, Malak"]
[Black "Abdulla, Khayala"]
[Result "0-1"]
[WhiteElo "1905"]
[BlackElo "2243"]
[Annotator "RC"]
[PlyCount "184"]
[EventDate "2019.02.04"]
[EventType "swiss"]
[EventCountry "AZE"]
[SourceTitle "playchess.com"]
[Source "ChessBase"]
[SourceQuality "1"]
[TimeControl "40/5400+30:1800+30"]

1. e4 {[%emt 0:00:00]} c5 {[%emt 0:00:26]} 2. Nf3 {[%emt 0:00:00]} e6 {[%emt 0:00:07]} 3. d4 {[%emt 0:00:00]} cxd4 {[%emt 0:00:04]} 4. Nxd4 {[%emt 0:00:00]} a6 {[%emt 0:00:21]} 5. Bd3 {[%emt 0:00:55]} Nf6 {[%emt 0:00:03]} 6. Qe2 {[%emt 0:01:15]} d6 {[%emt 0:00:26]} 7. c4 {[%emt 0:03:57]} Qc7 {[%emt 0:00:28]} 8. Nc3 {[%emt 0:00:24]} g6 {[%emt 0:00:20]} 9. f4 {[%emt 0:00:30]} Bg7 {[%emt 0:01:28]} 10. Nf3 {[%emt 0:00:42]} Nbd7 {[%emt 0:03:05]} 11. O-O {[%emt 0:09:09]} O-O {[%emt 0:00:24]} 12. Kh1 {[%emt 0:05:43]} b6 {[%emt 0:02:23]} 13. Bd2 {[%emt 0:01:04]} Bb7 {[%emt 0:01:03]} 14. Rac1 {[%emt 0:09:31]} Rac8 {[%emt 0:01:54]} 15. b4 {[%emt 0:07:01]} Qb8 {[%emt 0:01:58]} 16. Qf2 {[%emt 0:08:40]} Qa8 {[%emt 0:05:03]} 17. Rfe1 {[%emt 0:06:51]} Rc7 {[%emt 0:05:33]} 18. Qe2 {[%emt 0:14:18]} Rfc8 {[%emt 0:04:06]} 19. Nd1 {[%emt 0:03:39]} b5 {[%emt 0:10:37]} 20. Nf2 {[%emt 0:04:02]} bxc4 {[%emt 0:02:55]} 21. Rxc4 {[%emt 0:01:07]} Rxc4 {[%emt 0:01:54]} 22. Bxc4 {[%emt 0:00:08]} d5 {[%emt 0:03:06]} 23. Bd3 {[%emt 0:08:13]} dxe4 {[%emt 0:01:00]} 24. Nxe4 {[%emt 0:00:14]} Nxe4 {[%emt 0:02:02]} 25. Bxe4 {[%emt 0:00:06]} Nf6 {[%emt 0:01:30]} 26. Bxb7 {[%emt 0:02:28]} Qxb7 {[%emt 0:00:02]} 27. Qd3 {[%emt 0:01:33]} Ng4 {[%emt 0:04:01]} 28. Qe2 {[%emt 0:03:40]} Qb6 {[%emt 0:06:38]} 29. h3 {[%emt 0:00:17]} Nf6 {[%emt 0:00:24]} 30. Ne5 {[%emt 0:02:56]} Nd5 {[%emt 0:04:58]} 31. Nd7 {[%emt 0:03:00]} Qd6 {[%emt 0:16:27]} 32. Nc5 {[%emt 0:00:50]} a5 {[%emt 0:00:15]} 33. Nb7 {[%emt 0:03:14]} Qb6 {[%emt 0:00:29]} 34. Nxa5 {[%emt 0:00:09]} Rc2 {[%emt 0:01:58]} 35. Qd3 {[%emt 0:01:12]} Rxd2 {[%emt 0:06:58]} 36. Qxd2 {[%emt 0:00:10]} Bc3 {[%emt 0:00:04]} 37. Qc1 {[%emt 0:00:49]} Qxb4 {[%emt 0:00:36]} 38. Nc6 {[%emt 0:00:11]} Qd6 {[%emt 0:03:23]} 39. Ne5 {[%emt 0:00:13]} Bxe1 {[%emt 0:00:45]} 40. Qxe1 {[%emt 0:00:00]} Nxf4 {[%emt 0:00:00]} 41. Nf3 {[%emt 0:01:29]} f6 {[%emt 0:04:47]} 42. a4 {[%emt 0:04:50]} e5 {[%emt 0:02:16]} 43. Qe4 {[%emt 0:08:18]} Nd3 {[%emt 0:01:34]} 44. Qc4+ {[%emt 0:02:04]} Kg7 {[%emt 0:00:24]} 45. a5 {[%emt 0:00:46]} e4 {[%emt 0:04:51]} 46. Nd4 {[%emt 0:00:18]} Qg3 {[%emt 0:04:07]} 47. a6 {[%emt 0:00:32]} Nf2+ {[%emt 0:01:06]} 48. Kg1 {[%emt 0:00:05]} Nxh3+ {[%emt 0:00:10]} 49. Kh1 {[%emt 0:00:04]} Nf4 {[%emt 0:14:16]} 50. Ne6+ {[%emt 0:01:36]} Nxe6 {[%emt 0:00:22]} 51. Qxe6 {[%emt 0:00:04]} e3 {[%emt 0:01:29]} 52. a7 {[%emt 0:00:24]} Qh4+ {[%emt 0:00:56]} 53. Kg1 {[%emt 0:00:24]} Qf2+ {[%emt 0:00:24]} 54. Kh2 {[%emt 0:00:07]} e2 {[%emt 0:01:10]} 55. a8=Q {[%emt 0:01:14]} Qh4+ {[%emt 0:01:02]} 56. Qh3 {[%emt 0:01:13]} Qxh3+ {[%emt 0:00:19]} 57. Kxh3 {[%emt 0:00:05]} e1=Q {[%emt 0:00:05]} 58. Kh2 {[%emt 0:02:24]} Qh4+ {[%emt 0:00:20]} 59. Kg1 {[%emt 0:00:07]} Qd4+ {[%emt 0:00:03]} 60. Kh1 {[%emt 0:00:09]} g5 {[%emt 0:00:11]} 61. Qb7+ {[%emt 0:00:20]} Kg6 {[%emt 0:00:18]} 62. Qb1+ {[%emt 0:00:24]} f5 {[%emt 0:00:19]} 63. Qb3 {[%emt 0:00:04]} Qd7 {[%emt 0:01:48]} 64. Qb6+ {[%emt 0:00:59]} Kh5 {[%emt 0:00:21]} 65. Qb3 {[%emt 0:00:41]} g4 {[%emt 0:01:19]} 66. Qe3 {[%emt 0:00:11]} Qd6 {[%emt 0:01:20]} 67. g3 {[%emt 0:00:14]} Qd1+ {[%emt 0:00:33]} 68. Kg2 {[%emt 0:00:27]} Qc2+ {[%emt 0:00:26]} 69. Kg1 {[%emt 0:00:34]} Qb1+ {[%emt 0:00:36]} 70. Kh2 {[%emt 0:00:19]} Qc2+ {[%emt 0:00:43]} 71. Kg1 {[%emt 0:00:17]} Qe4 {[%emt 0:00:16]} 72. Qb3 {[%emt 0:00:22]} Qe7 {[%emt 0:01:24]} 73. Qd3 {[%emt 0:01:44]} Kg5 {[%emt 0:00:42]} 74. Qd2+ {[%emt 0:00:05]} Kg6 {[%emt 0:00:04]} 75. Qc3 {[%emt 0:00:15]} h5 {[%emt 0:00:39]} 76. Qc6+ {[%emt 0:00:04]} Kh7 {[%emt 0:00:59]} 77. Qc3 {[%emt 0:01:22]} h4 {[%emt 0:00:26]} 78. gxh4 {[%emt 0:00:17]} Qxh4 {[%emt 0:00:09]} 79. Qc7+ {[%emt 0:00:10]} Kg6 {[%emt 0:00:08]} 80. Qc6+ {[%emt 0:00:22]} Qf6 {[%emt 0:00:16]} 81. Qe8+ {[%emt 0:00:14]} Qf7 {[%emt 0:00:17]} 82. Qc6+ {[%emt 0:00:04]} Kg5 {[%emt 0:00:05]} 83. Qc1+ {[%emt 0:00:05]} f4 {[%emt 0:00:38]} 84. Qc5+ {[%emt 0:00:04]} Qf5 {[%emt 0:00:22]} 85. Qe7+ {[%emt 0:00:04]} Qf6 {[%emt 0:00:08]} 86. Qc5+ {[%emt 0:00:05]} Kh4 {[%emt 0:00:10]} 87. Qf2+ {[%emt 0:00:08]} g3 {[%emt 0:00:34]} 88. Qf3 {[%emt 0:00:11]} Qd4+ {[%emt 0:00:17]} 89. Kf1 {[%emt 0:00:45]} Qe3 {[%emt 0:01:18]} 90. Qh1+ {[%emt 0:00:05]} Kg4 {[%emt 0:00:16]} 91. Qh3+ {[%emt 0:00:05]} Kg5 {[%emt 0:00:04]} 92. Kg2 {[%emt 0:00:38]} f3+ {[%emt 0:00:28]} 0-1

[Event "AZE-ch Women 2019"]
[Site "Baku"]
[Date "2019.02.07"]
[Round "4.6"]
[White "Balajayeva, Khanim"]
[Black "Hajiyeva, Laman"]
[Result "1-0"]
[WhiteElo "2397"]
[BlackElo "2040"]
[Annotator "TA"]
[PlyCount "59"]
[EventDate "2019.02.04"]
[EventType "swiss"]
[EventCountry "AZE"]
[SourceTitle "playchess.com"]
[Source "ChessBase"]
[SourceQuality "1"]

{[%evp 15,59,16,11,11,20,15,75,73,66,66,101,85,95,97,96,70,64,0,104,53,103,73,90,-29,98,103,101,102,566,569,541,439,5406,1039,29985,29986,29992,29988,29994,29980,29979,29980,29979,29980,29980,29979]} 1. e4 e6 2. d4 d5 3. e5 c5 4. c3 Nc6 5. Nf3 Qb6 6. Na3 cxd4 $146 ({Predecessor:} 6... Nh6 7. Nc2 cxd4 {1-0 (25) Volokitin,A (2638)-Caruana,F (2791) Dubai 2014}) 7. cxd4 Nh6 8. Nc2 Nf5 9. Bd3 {C02: French: Advance Variation} Bd7 {[%cal Rf5d4]} (9... Ncxd4 $2 10. Nfxd4 Nxd4 11. Nxd4 $18) ({Predecessor:} 9... Be7 10. O-O {1-0 (25) Volokitin,A (2638)-Caruana,F (2791) Dubai 2014}) 10. O-O Be7 ({Don't play} 10... Nfxd4 $6 11. Nfxd4 Nxe5 12. Be2 $16) (10... Nb4 $11) 11. g4 $16 {White is better.} Nh6 12. h3 O-O ({Predecessor:} 12... O-O-O 13. Rb1 Kb8 14. b4 Ng8 15. Bd2 h5 16. b5 Na5 {1-0 (25) Volokitin,A (2638)-Caruana,F (2791) Dubai 2014}) 13. Ng5 Bxg5 14. Bxg5 Kh8 15. Bxh6 gxh6 16. Qc1 ({White should play} 16. Qf3 $1 $14 Qd8 17. Kh2) 16... Kg7 {[#]} (16... f5 $11) 17. g5 ({Much worse is} 17. Qf4 $6 f6 $15) ({White should try} 17. Qe3 $1 $16) 17... Nxd4 18. gxh6+ Kh8 19. Kh1 (19. Qf4 $16 {Qf6+ would kill now.} Nf5 20. Kh2 (20. Bxf5 exf5 21. Kh2 f6 $14)) 19... Rg8 (19... f5 $1 $11 {keeps the balance.}) 20. Qf4 $1 {[%csl LRd4,LRf7] Intending Qf6+ and mate.} Nf5 21. Rg1 $40 {[%mdl 128] Black is in trouble.} Qxb2 $2 {[%mdl 8192]} (21... Rg6 $16 {is a better chance.}) 22. Bxf5 $1 $18 exf5 {[#]} 23. e6 $1 {[%mdl 512]} f6 (23... Bxe6 $142 24. Nd4 f6 25. Nxe6 Qc3 26. Qxf5 Rg6) 24. exd7 (24. Rxg8+ $142 Rxg8 25. exd7) 24... Qxc2 25. Rxg8+ {White mates.} Rxg8 {KQR-KQR} 26. Rg1 Rd8 27. Qg3 {[%csl Gg1,Gh6][%cal Rg3g7]} Qe4+ 28. f3 {[%csl Gg1,Gh6][%cal Rg3g7]} Qe7 29. Qg7+ Qxg7 30. Rxg7 {Accuracy: White = 51%, Black = 23%.} 1-0